Projektovanie lodí

Bibliographic Details
Main Author: Borský, Jaroslav (Author)
Format: Book
Language:Slovak
PhysicalDescription:333 s., 25,068 AH, 25,462 VH Sch., tab., lit. 17 zázn. v češ., nem., poľ., ruš. a slov. 29 cm
Published: Bratislava Slovenská technická univerzita 1994
ISBN:8022706590
Edition:2. vyd.
Subjects:

MARC

LEADER 00000nam a2200000 a 4500
001 vtls001075199
003 SK-MaSNL
005 20260301193544.0
008 250414s1994 xo slo
015 |a SNBA1994/06 
020 |a 8022706590 
035 |a SNK000018031 
035 |a urn:nbn:sk:snk-amlntr 
035 |a urn:nbn:sk:snk-am00bwrt 
035 |a 4C1AD520-13B4-4365-BDE4-411BBC95B4AE 
040 |a SNK  |b slo  |c SNK  |e AACR2 
041 0 |a slo 
044 |a xo  |c SK 
080 |a 629.12.011.1(075.8)  |2 1981 
100 1 |a Borský, Jaroslav  |4 aut  |9 10766 
245 1 0 |a Projektovanie lodí  |c Jaroslav Borský 
250 |a 2. vyd. 
260 |a Bratislava  |b Slovenská technická univerzita  |c 1994  |e Bratislava  |f Vydavateľstvo STU 
300 |a 333 s., 25,068 AH, 25,462 VH  |b Sch., tab., lit. 17 zázn. v češ., nem., poľ., ruš. a slov.  |c 29 cm 
366 |e 50 výt. 
500 |a Schválil rektor SVŠT v Bratislave ako skriptá 
655 7 |a učebnice vysokých škôl  |2 SNKPH  |9 70191 
852 |a Slovenská národná knižnica 
919 |a 80-227-0659-0 
958 0 7 |a RM 
958 0 7 |a NB 
958 0 7 |a UV 
999 |c 877939  |d 879869 
952 |t P60, <04>, [BOOK], {604}  |a SNK  |b SNK  |y VYP  |7 0  |p 17A0080349  |o snkSB 52533 D1  |0 0  |1 0  |4 0  |d 1997-07-15  |l 0  |r 2004-12-31 00:00:00  |w 2026-02-24 
952 |a SNK  |b SNK  |y PREZ  |7 0  |p 17A0905454  |o snkSB 52533   |0 0  |1 0  |4 0  |d 2012-07-17  |f 1  |l 0  |r 2025-03-18 00:00:00  |w 2026-02-24